Faith and freedom: women's human rights in the Muslim world
| Contributors: | |
|---|---|
| Format: | Print Book |
| Language: | English |
| Subito Delivery Service: | Order now. |
| Check availability: | HBZ Gateway |
| WorldCat: | WorldCat |
| Interlibrary Loan: | Interlibrary Loan for the Fachinformationsdienste (Specialized Information Services in Germany) |
| Published: |
London New York
I.B. Tauris Publishers
1995
|
| In: | Year: 1995 |
| Standardized Subjects / Keyword chains: | B
Islamic countries
/ Woman
/ Human rights
B Islam / Woman B Muslim woman |
| Further subjects: | B
Women's Rights
Islamic countries
B Islamische Länder / Islamische Welt Frauen Rechtsstellung von Gruppen Status und Rolle Menschenrechte Staatsbürgerrechte Politisch-gesellschaftliches Verhalten Politische Partizipation Islam and politics Religiöser Fundamentalismus Islam B Women's Rights Religious aspects Islam B Political Science B Muslim Women |
MARC
| LEADER | 00000cam a2200000 c 4500 | ||
|---|---|---|---|
| 001 | 1603988394 | ||
| 003 | DE-627 | ||
| 005 | 20251225191829.0 | ||
| 007 | tu | ||
| 008 | 960119s1995 xxk||||| 00| ||eng c | ||
| 016 | 7 | |a b95T5807 |2 UK | |
| 020 | |a 1860640087 |9 1-86064-008-7 | ||
| 035 | |a (DE-627)1603988394 | ||
| 035 | |a (DE-576)04992253X | ||
| 035 | |a (DE-599)BSZ04992253X | ||
| 035 | |a (OCoLC)33072192 | ||
| 035 | |a (OCoLC)832739127 | ||
| 035 | |a (OCoLC)33072192 | ||
| 035 | |a (DE-604)8104765216 | ||
| 035 | |a (DE-615)00701809 | ||
| 040 | |a DE-627 |b ger |c DE-627 |e rakwb | ||
| 041 | |a eng | ||
| 044 | |c XA-GB |c XD-US | ||
| 082 | 0 | |a 323.340917671 | |
| 082 | 0 | |a 305.486971 | |
| 084 | |a RG00.12 |2 fivr | ||
| 084 | |a SG02.02 |2 fivs | ||
| 084 | |a SF01.02 |2 fivs | ||
| 084 | |a 6,23 |a 0 |2 ssgn | ||
| 084 | |a BE 8660 |2 rvk |0 (DE-625)rvk/10808: | ||
| 084 | |a MS 3000 |2 rvk |0 (DE-625)rvk/123652: | ||
| 191 | |a 1 | ||
| 245 | 0 | 0 | |a Faith and freedom |b women's human rights in the Muslim world |c ed. by Mahnaz Afkhami |
| 263 | |a kart. : £ 12.95 | ||
| 264 | 1 | |a London |a New York |b I.B. Tauris Publishers |c 1995 | |
| 264 | 4 | |c © 1995 | |
| 300 | |a XI, 244 S. | ||
| 336 | |a Text |b txt |2 rdacontent | ||
| 337 | |a ohne Hilfsmittel zu benutzen |b n |2 rdamedia | ||
| 338 | |a Band |b nc |2 rdacarrier | ||
| 500 | |a Hier auch später erschienene unveränderte Nachdrucke | ||
| 583 | 1 | |a Archivierung/Langzeitarchivierung gewährleistet |f SLG |x XA-DE-BW |z BfZ |2 pdager |5 DE-24 | |
| 583 | 1 | |a Archivierung/Langzeitarchivierung gewährleistet |f SSG |x XA-DE-BW |2 pdager |5 DE-21 | |
| 583 | 1 | |a Archivierung prüfen |c 20240324 |f DE-4165 |z 2 |2 pdager | |
| 650 | 4 | |a Political Science | |
| 650 | 4 | |a Islamische Länder/Islamische Welt |x Frauen |x Rechtsstellung von Gruppen |x Status und Rolle |x Menschenrechte |x Staatsbürgerrechte |x Politisch-gesellschaftliches Verhalten |x Politische Partizipation |x Politischer Islam |x Religiöser Fundamentalismus |x Islam | |
| 650 | 4 | |a Muslim Women | |
| 650 | 4 | |a Women's Rights |x Islamic countries | |
| 650 | 4 | |a Women's Rights |x Religious aspects |x Islam | |
| 689 | 0 | 0 | |d g |0 (DE-588)4073172-8 |0 (DE-627)104279893 |0 (DE-576)209189622 |2 gnd |a Islamische Staaten |
| 689 | 0 | 1 | |d s |0 (DE-588)4018202-2 |0 (DE-627)104270705 |0 (DE-576)208923209 |2 gnd |a Frau |
| 689 | 0 | 2 | |d s |0 (DE-588)4074725-6 |0 (DE-627)106088556 |0 (DE-576)209195088 |2 gnd |a Menschenrecht |
| 689 | 0 | |5 (DE-627) | |
| 689 | 1 | 0 | |d s |0 (DE-588)4027743-4 |0 (DE-627)106283499 |0 (DE-576)20897220X |2 gnd |a Islam |
| 689 | 1 | 1 | |d s |0 (DE-588)4018202-2 |0 (DE-627)104270705 |0 (DE-576)208923209 |2 gnd |a Frau |
| 689 | 1 | |5 (DE-627) | |
| 689 | 2 | 0 | |d s |0 (DE-588)4120776-2 |0 (DE-627)105774073 |0 (DE-576)209537884 |2 gnd |a Muslimin |
| 689 | 2 | |5 (DE-627) | |
| 700 | 1 | |8 1\p |e Hrsg. |0 (DE-588)1089912242 |0 (DE-627)853699569 |0 (DE-576)460427954 |4 edt |a Afḫamī, Mahnāz |d 1941- | |
| 700 | 1 | |e HerausgeberIn |0 (DE-588)1089912242 |0 (DE-627)853699569 |0 (DE-576)460427954 |4 edt |a Afḫamī, Mahnāz |d 1941- | |
| 883 | |8 1\p |a cgwrk |d 20241001 |q DE-101 |u https://d-nb.info/provenance/plan#cgwrk | ||
| 889 | |w (DE-627)223986542 | ||
| 935 | |a mteo | ||
| 935 | |i mdedup | ||
| 936 | r | v | |a BE 8660 |b Einfluss des Islam auf Kultur, Politik, Wirtschaft und Gesellschaft |k Theologie und Religionswissenschaften |k Religionswissenschaft |k Religionsgeschichte |k Islam |k Einfluss des Islam auf Kultur, Politik, Wirtschaft und Gesellschaft |0 (DE-627)1270709208 |0 (DE-625)rvk/10808: |0 (DE-576)200709208 |
| 936 | r | v | |a MS 3000 |b Allgemeines |k Soziologie |k Spezielle Soziologien |k Soziologische Geschlechterforschung (Gender Studies) |k Spezielle Forschungsgebiete der soziologischen Geschlechterforschung |k Allgemeines |0 (DE-627)1270705695 |0 (DE-625)rvk/123652: |0 (DE-576)200705695 |
| 936 | f | i | |0 (DE-627)1756133522 |a RG00.12 |b Islamische Welt |k Naher und Mittlerer Osten und Nordafrika |k Geographische Räume (länderübergreifend) und Organisationen des Nahen und Mittleren Ostens/Nordafrikas |k Islamische Welt |2 fivr |
| 936 | f | i | |0 (DE-627)1756135932 |a SG02.02 |b Gesellschaftliche Gruppen |k Gesellschaft |k Gesellschaftsentwicklung/Gesellschaftsstruktur |k Gesellschaftliche Gruppen |2 fivs |
| 936 | f | i | |0 (DE-627)1756135754 |a SF01.02 |b Menschenrechte |k Staat |k Politisches System/Verfassung |k Menschenrechte |2 fivs |
| 938 | 1 | 0 | |0 (DE-627)1756206856 |0 (DE-615)6610147 |a Islamische Länder/Islamische Welt |2 fivt |
| 938 | 1 | 0 | |0 (DE-627)1756141266 |0 (DE-615)6603827 |a Frauen |2 fivt |
| 938 | 1 | 0 | |0 (DE-627)1756180008 |0 (DE-615)6604558 |a Rechtsstellung von Gruppen |2 fivt |
| 938 | 1 | 0 | |0 (DE-627)1756228515 |0 (DE-615)6605689 |a Status und Rolle |2 fivt |
| 938 | 1 | 0 | |0 (DE-627)1756202966 |0 (DE-615)6600932 |a Menschenrechte |2 fivt |
| 938 | 1 | 0 | |0 (DE-627)175620022X |0 (DE-615)6600564 |a Staatsbürgerrechte |2 fivt |
| 938 | 1 | 0 | |0 (DE-627)1756184038 |0 (DE-615)6604620 |a Politisch-gesellschaftliches Verhalten |2 fivt |
| 938 | 1 | 0 | |0 (DE-627)175621624X |0 (DE-615)6605665 |a Politische Partizipation |2 fivt |
| 938 | 1 | 0 | |0 (DE-627)1756218285 |0 (DE-615)6600436 |a Politischer Islam |2 fivt |
| 938 | 1 | 0 | |0 (DE-627)1756141762 |0 (DE-615)6603835 |a Religiöser Fundamentalismus |2 fivt |
| 938 | 1 | 0 | |0 (DE-627)1756169551 |0 (DE-615)6605656 |a Islam |2 fivt |
| 951 | |a BO | ||
| ELC | |b 1 | ||
| ITA | |a 1 |t 1 | ||
| LOK | |0 000 xxxxxcx a22 zn 4500 | ||
| LOK | |0 001 3099096377 | ||
| LOK | |0 003 DE-627 | ||
| LOK | |0 004 1603988394 | ||
| LOK | |0 005 20020612000000 | ||
| LOK | |0 008 960202||||||||||||||||ger||||||| | ||
| LOK | |0 040 |a DE-21 |c DE-627 |d DE-21 | ||
| LOK | |0 852 |a DE-21 | ||
| LOK | |0 852 1 |c 35 A 22471 |9 00 | ||
| LOK | |0 935 |a vord | ||
| LOK | |0 936ln |a v6.4 | ||
| LOK | |0 939 |a 02-02-96 |b l01 | ||
| ORI | |a SA-MARC-ixtheoa001.raw | ||
| REF | |a Islamismus | ||
| REL | |a 1 | ||
| STA | 0 | 0 | |a Human rights,Human rights,Islam,Islam,Islamic countries,Islamic states,Muslim woman,Muslim woman,Female Muslim,Woman,Adult woman,Women,Women,Women in art |
| STB | 0 | 0 | |a Droit de l’homme,Droitsde l’homme,Droit humain,Droit humain,Droits de l'homme (droit international),Droit humain (motif),Droit humain,Femme,Femme,Femmes,Femmes,Islam,Islam,Musulmane,Musulmane |
| STC | 0 | 0 | |a Derechos Humanos,Derechos Humanos,Islam,Islam,Mujer,Mujer,Mujeres,Musulmana,Musulmana |
| STD | 0 | 0 | |a Diritti umani <motivo>,Diritti umani,Diritti dell'uomo,Diritti dell'uomo,Diritti dell'uomo (motivo),Diritti dell'uomo,Donna,Donna,Islam,Islam,Musulmana,Musulmana |
| STE | 0 | 0 | |a 人权,伊斯兰教,伊斯兰教,回教,回教,女人,女人,女残疾人土,妇女,女子,妇女,女子,女穆斯林,女穆斯林 |
| STF | 0 | 0 | |a 人權,伊斯蘭教,伊斯蘭教,回教,回教,女人,女人,女殘疾人土,婦女,女子,婦女,女子,女穆斯林,女穆斯林 |
| STG | 0 | 0 | |a Direitos Humanos,Direitos Humanos,Islã,Islã,Mulher,Mulher,Muçulmana,Muçulmana |
| STH | 0 | 0 | |a Женщина (мотив),Женщина,Ислам (мотив),Ислам,Мусульманка (мотив),Мусульманка,Права человека (мотив),Права человека |
| STI | 0 | 0 | |a Ανθρώπινα δικαιώματα <μοτίβο>,Ανθρώπινα δικαιώματα,Δικαιώματα του ανθρώπου,Δικαιώματα του ανθρώπου (μοτίβο),Γυναίκα (μοτίβο),Γυναίκα,Ισλάμ (μοτίβο),Ισλάμ,Μουσουλμάνα (μοτίβο),Μουσουλμάνα |
| SUB | |a REL | ||
| SYG | 0 | 0 | |a Islamischer Orient,Islamische Länder,Islamische Regionen , Frauen,Frauendarstellung,Frauengestalt,Frauenbild,Erwachsene Frau,Weib,Weibliche Erwachsene,Frauen , Menschenrechte,Menschenrechte , Islam , Frauen,Frauendarstellung,Frauengestalt,Frauenbild,Erwachsene Frau,Weib,Weibliche Erwachsene,Frauen , Moslemische Frau,Muslimische Frau,Muslima,Moslemin,Musliminnen |



